Química 2 : (Registro nro. 10019)

Detalles MARC
000 -LIDER
fixed length control field 01557nam a22003497a 4500
001 - NÚMERO DE CONTROL
Identificador de número de control 000023203
003 - IDENTIFICACDOR DE NÚMERO DE CONTROL
control field DO-SdBNP
005 - DATE AND TIME OF LATEST TRANSACTION
control field 20180307105526.0
007 - CAMPOS FIJOS DE DESCRIPCIÓN FÍSICA
fixed length control field 000023203
008 - ELEMENTOS DE LONGITUD FIJA
fixed length control field 160506b 20uu dr a xxu||||| |||| 00| 0 spa d
020 ## - ISBN
International Standard Book Number 9945400215
040 ## - FUENTE DE CATALOGACIÓN
Agencia que crea de manera original el registro BPMSU
Idioma de catalogación spa
Agencia que realiza la transcripción BPMSU
092 ## - LOCALLY ASSIGNED DEWEY DECIMAL CALL NUMBER
Número de clasificación 373.54
Número de ítem (Cutter) R579q 2do. [20--]
100 1# - ASIENTO PRINCIPAL -- NOMBRE PERSONAL
Nombre personal Rincón, Andrea Griselda
245 10 - MENCIÓN DE TITULO
Título Química 2 :
Subtítulo teoría y práctica /
Mención de responsabilidad Andrea Griselda Rincón, Julia Mery Vásquez Güichardo ; ilustraciones Ramón Sandoval.
260 ## - PUBLICACIÓN, DISTRIBUCIÓN, ETC. (PIE DE IMPRENTA)
Lugar de publicación, distribución, etc Santo Domingo :
Nombre del editor, distribuidor, etc. Actualidad Escolar 2000,
Fecha de publicación, distribución, etc [200-?].
300 ## - DESCRIPCIÓN FÍSICA
Extensión 157 p. :
Otros detalles físicos il. ;
Dimensiones 28 cm.
500 ## - NOTA GENERAL
Nota general Primer ciclo educación media
504 ## - NOTA DE BIBLIOGRAFÍA, ETC.
Bibliography, etc Bibliografía : p. 157
505 0# - NOTA DE CONTENIDO
Información miscelánea Unidad 1
Título El hidrógeno --
Información miscelánea Unidad 2
Título El oxígeno --
Información miscelánea Unidad 3
Título El agua: sustancia vital --
Información miscelánea Unidad 4
Título Elementos del bloque S --
Información miscelánea Unidad 5
Título Elementos del bloque P --
Información miscelánea Unidad 6
Título Elementos del bloque D: metales de transición --
Información miscelánea Unidad 7
Título Elementos del bloque F. Metales de transición interna: Lantánidos y Actínidos --
650 ## - ENCABEZAMIENTO DE MATERIA--TEMÁTICO
Término temático o nombre geográfico como elemento de entrada QUÍMICA
Subdivisión temática general ENSEÑANZA SECUNDARIA
650 #4 - ENCABEZAMIENTO DE MATERIA--TEMÁTICO
Término temático o nombre geográfico como elemento de entrada QUÍMICA
Subdivisión temática general LIBROS DE TEXTOS
650 #4 - ENCABEZAMIENTO DE MATERIA--TEMÁTICO
Término temático o nombre geográfico como elemento de entrada QUÍMICA
Subdivisión temática general ESTUDIOS Y EJERCICIOS
650 #4 - ENCABEZAMIENTO DE MATERIA--TEMÁTICO
Término temático o nombre geográfico como elemento de entrada QUÍMICA
Subdivisión temática general EDUCACIÓN SECUNDARIA
650 #4 - ENCABEZAMIENTO DE MATERIA--TEMÁTICO
Término temático o nombre geográfico como elemento de entrada EDUCACIÓN SECUNDARIA
Subdivisión geográfica REPÚBLICA DOMINICANA
700 12 - ASIENTO SECUNDARIO -- NOMBRE PERSONAL
Nombre personal Vásquez Güichardo, Julia Mery
700 12 - ASIENTO SECUNDARIO -- NOMBRE PERSONAL
Nombre personal Sandoval, Ramón,
Mención de responsabilidad il.
910 ## - VALIDACIÓN
Validación Validado. Control de calidad MFF
942 ## - ADDED ENTRY ELEMENTS (KOHA)
Source of classification or shelving scheme Dewey Decimal Classification
Koha item type Libros
945 ## - INFORMACIÓN DE PROCESAMIENTO LOCAL
Información de procesamiento local Remanejado para la BNPHU / 2018 VM
956 ## - LOCAL ELECTRONIC LOCATION AND ACCESS (OCLC)
Método de acceso LOPEREZ
Materiales especificados 10
Enlace 20160506
Campo enlazado y núm. de secuencia BPMSU
Nombre de host 00041
Existencias
Withdrawn status Lost status Source of classification or shelving scheme Damaged status Not for loan Collection code Home library Current library Date acquired Source of acquisition Total Checkouts Full call number Barcode Date last seen Price effective from Koha item type
    Dewey Decimal Classification     Colección Escolar Biblioteca Pública Metropolitana Salomé Ureña Biblioteca Pública Metropolitana Salomé Ureña 05/06/2016 Donación   373.54 R579q 2do. [20--] BPMSU16050139 05/06/2016 05/06/2016 Libros